• 首页
  • 本馆介绍
  • 公告通知
  • 最新文献
  • 馆藏检索
  • 电子资源
  • 读者导购
  • 参考咨询
  • 我的图书馆
  • 登录
  • 详细信息显示
  • 放入我的书架
  • 预约/预借图书
  • 作者相关作品
  • 分类相关作品
  • 丛书相关作品
  • 出版社相关作品

书目信息

  • 表格格式
  • 工作单格式
  • 卡片格式
题名:
中国文学目录学
    
 
作者: 谢灼华 编著
分册:  
出版信息: 北京   书目文献出版社  1986.5
页数: 383页
开本: 21cm
丛书名:
单 册:
中图分类: G257.3
科图分类:
主题词: 图书馆学 , 图书馆事业
电子资源:
ISBN:
000 00623nam0 2200229 45
001 0305281687
005 20031224103334.1
010    @dCNY2.20
091    @a10201.65
100    @a20030528d1986 km y0chiy0120 ea
101 0  @achi
105    @a z 000yy
200 1  @a中国文学目录学@AZhong Guo Wen Xue Mu Lu Xue@f谢灼华编著@FXie Zhuo Hua Bian Zhu
210    @a北京@c书目文献出版社@d1986.5
215    @a383页@d21cm
300    @a附录:征引参考书举要;书名索引
606 0  @a图书馆学
606 0  @a图书馆事业
690    @aG257.3@v3
701  0 @a谢灼华@4编著
801    @aCN@bTSTC@c20030528
905    @dG257.3@e18@f1@b159400
    
    中国文学目录学/谢灼华编著.-北京:书目文献出版社,1986.5
    383页;21cm
    附录:征引参考书举要;书名索引
    
    ISBN :CNY2.20
    
●
相关链接 在E读中查询图书 在五车中查询图书 在当当中查询图书 在豆瓣中查询图书


正题名:中国文学目录学     索取号:G257.3/18         预约/预借

序号 登录号 条形码 馆藏地/架位号 状态 备注
1 0159397   000213628   密集书库/ [索取号:G257.3/18] 在馆    
2 0159398   000213664   第一样本阅览室/ [索取号:G257.3/18] 在馆    
3 0159399     第四借阅区/ [索取号:G257.3/18] 在馆    
4 0159400   001860418   密集书库/ [索取号:G257.3/18] 在馆    
5 0159401   001774690   密集书库/ [索取号:G257.3/18] 在馆    
唐山师范学院图书馆 欢迎您!
大连网信软件有限公司© 版权所有